Urban Agglomeration - Letter N - Statistics

General Stats
  • This quiz has been taken 27 times
  • The average score is 5 of 6
Answer Stats
Second Letter Answer % Correct
A Nagoya | Nairobi | Naples | Nashville | Natal
100%
E New York | Newcastle upon Tyne
100%
D N'Djamena
95%
O Novosibirsk | Nouakchott | Nottingham
95%
I Nizhny Novgorod | Niamey
77%
U Nuremberg
45%
No matching quizzes found
Score Distribution
Percent of People with Each Score
Percentile by Number Answered
Your Score History
You have not taken this quiz